[Event "26th Abu Dhabi Master 2019"]
[Site "Abu Dhabi"]
[Date "2019.08.05"]
[Round "5.28"]
[White "Sadhwani, Raunak"]
[Black "Rathanvel, V S"]
[Result "0-1"]
[WhiteElo "2477"]
[BlackElo "2367"]
[Annotator "ChessBase"]
[PlyCount "100"]
[EventDate "2019.08.02"]
[EventType "swiss"]
[EventCountry "UAE"]
[SourceTitle "playchess.com"]
[Source "ChessBase"]
[SourceQuality "1"]
[TimeControl "5400+30"]

1. e4 {[%emt 0:00:00]} c5 {[%emt 0:00:00]} 2. Nf3 {[%emt 0:00:00]} d6 {[%emt 0:00:00]} 3. d4 {[%emt 0:00:00]} cxd4 {[%emt 0:00:00]} 4. Nxd4 {[%emt 0:00:00]} Nf6 {[%emt 0:00:06]} 5. Nc3 {[%emt 0:00:00]} a6 {[%emt 0:00:08]} 6. Nb3 {[%emt 0:00:00]} Nc6 {[%emt 0:04:25]} 7. Be3 {[%emt 0:00:30]} e6 {[%emt 0:07:13]} 8. g4 {[%emt 0:00:05]} Be7 {[%emt 0:11:32]} 9. g5 {[%emt 0:03:17]} Nd7 {[%emt 0:00:10]} 10. f4 {[%emt 0:08:19]} b5 {[%emt 0:15:43]} 11. Bg2 {[%emt 0:10:43]} Bb7 {[%emt 0:08:12]} 12. O-O {[%emt 0:01:58]} Nb6 {[%emt 0:08:51]} 13. f5 {[%emt 0:04:38]} Nc4 {[%emt 0:02:31]} 14. Bc1 {[%emt 0:03:42]} Qb6+ {[%emt 0:08:16]} 15. Kh1 {[%emt 0:00:06]} Ne3 {[%emt 0:01:11]} 16. Bxe3 {[%emt 0:00:16]} Qxe3 {[%emt 0:00:03]} 17. fxe6 {[%emt 0:10:06]} fxe6 {[%emt 0:00:08]} 18. Qg4 {[%emt 0:00:03]} b4 {[%emt 0:02:11]} 19. Nd1 {[%emt 0:00:56]} Qxg5 {[%emt 0:00:16]} 20. Qxe6 {[%emt 0:00:07]} Rc8 {[%emt 0:05:34]} 21. Qh3 {[%emt 0:04:45]} Bf6 {[%emt 0:13:29]} 22. e5 {[%emt 0:03:44]} Qxe5 {[%emt 0:01:53]} 23. Ne3 {[%emt 0:07:39]} O-O {[%emt 0:00:23]} 24. Rae1 {[%emt 0:00:58]} Rce8 {[%emt 0:01:06]} 25. Nc1 {[%emt 0:05:21]} Bc8 {[%emt 0:03:37]} 26. Qg3 {[%emt 0:03:02]} Qxg3 {[%emt 0:00:45]} 27. hxg3 {[%emt 0:00:01]} Nd4 {[%emt 0:00:51]} 28. Nd3 {[%emt 0:00:38]} a5 {[%emt 0:02:04]} 29. Nc4 {[%emt 0:01:01]} Rxe1 {[%emt 0:01:04]} 30. Rxe1 {[%emt 0:00:01]} Nxc2 {[%emt 0:02:09]} 31. Bd5+ {[%emt 0:00:01]} Kh8 {[%emt 0:00:09]} 32. Rc1 {[%emt 0:00:00]} Bf5 {[%emt 0:01:05]} 33. Rd1 {[%emt 0:03:22]} Be7 {[%emt 0:00:48]} 34. Nf2 {[%emt 0:01:56]} a4 {[%emt 0:00:23]} 35. Ne4 {[%emt 0:00:21]} Bg6 {[%emt 0:00:28]} 36. Kg1 {[%emt 0:04:15]} h6 {[%emt 0:00:18]} 37. Bb7 {[%emt 0:01:10]} Bf6 {[%emt 0:00:46]} 38. Nxf6 {[%emt 0:00:51]} Rxf6 {[%emt 0:00:01]} 39. Bd5 {[%emt 0:00:46]} Bh5 {[%emt 0:00:48]} 40. Rd2 {[%emt 0:01:13]} Ne1 {[%emt 0:00:07]} 41. Rf2 {[%emt 0:00:02]} Nd3 {[%emt 0:00:58]} 42. Rxf6 {[%emt 0:00:19]} gxf6 {[%emt 0:00:01]} 43. Kf1 {[%emt 0:01:32]} Kg7 {[%emt 0:00:29]} 44. a3 {[%emt 0:05:14]} Bf7 {[%emt 0:01:09]} 45. Bxf7 {[%emt 0:00:39]} Kxf7 {[%emt 0:00:05]} 46. axb4 {[%emt 0:00:33]} Nxb2 {[%emt 0:00:57]} 47. Na3 {[%emt 0:01:23]} Ke6 {[%emt 0:00:05]} 48. Ke2 {[%emt 0:00:10]} Kd5 {[%emt 0:00:28]} 49. b5 {[%emt 0:00:29]} Kc5 {[%emt 0:00:13]} 50. Kd2 {[%emt 0:00:02]} d5 {[%emt 0:00:13]} 0-1

[Event "26th Abu Dhabi Master 2019"]
[Site "Abu Dhabi"]
[Date "2019.08.05"]
[Round "5.29"]
[White "Mahalakshmi, M."]
[Black "Arjun Kalyan"]
[Result "1/2-1/2"]
[WhiteElo "2173"]
[BlackElo "2482"]
[Annotator "TA"]
[PlyCount "168"]
[EventDate "2019.08.02"]
[EventType "swiss"]
[EventCountry "UAE"]
[SourceTitle "playchess.com"]
[Source "ChessBase"]
[SourceQuality "1"]

{[%evp 12,168,18,16,12,17,19,16,62,-14,0,-10,-10,-14,-14,-15,-16,-22,15,7,0,0,0,0,21,-6,-12,-24,0,-25,0,-6,-12,-8,-12,-59,-45,-44,-36,-34,-35,-50,-53,-80,-88,-65,-69,-75,-58,-75,-60,-58,-52,-55,-46,-43,-45,-71,-71,-62,-42,-46,-37,-37,-39,-49,-37,-35,-32,-32,-31,-32,-31,-41,-40,-39,-36,-70,-10,-10,-10,-17,-10,-11,-10,-17,-15,-10,-3,-8,-10,-10,0,-6,-6,-20,-13,-22,-7,-7,123,-7,-3,-8,-8,-22,-22,-29,-22,-22,-22,-22,-22,-22,-22,-22,-22,-22,0,-8,-8,-26,-14,-14,-8,-33,-33,-33,-33,-33,-33,-33,0,-33,0,-33,-14,-14,-14,-15,0,0,0,0,0,0,0,0,0,0,0,0,0,0,0,0,0,0,0]} 1. d4 d5 2. c4 e6 3. Nf3 Nf6 4. Nc3 Be7 5. Bf4 O-O 6. e3 b6 7. Bd3 c5 {D37: Queen's Gambit Declined: 5 Bf4} (7... dxc4 8. Bxc4 Ba6 9. Bxa6 Nxa6 10. Qa4 Qc8 11. O-O c5 12. Rac1 Qb7 13. a3 Rfc8 14. Nb5 Nb8 15. dxc5 bxc5 {½-½ (35) Shankland,S (2725)-Anand,V (2773) Wijk aan Zee 2019}) 8. O-O cxd4 9. Nxd4 {Threatening cxd5.} Bb7 10. Nf3 $146 (10. cxd5 $14 Nxd5 11. Nxd5 Bxd5 12. Rc1) ({Predecessor:} 10. Qe2 Nbd7 11. Bg3 Nc5 12. Bc2 Ba6 13. Ndb5 Bb7 14. Rfd1 Qd7 15. cxd5 exd5 {½-½ (47) Potkin,V (2647)-Sargissian,G (2671) Khanty-Mansiysk 2013}) 10... Nc6 11. a3 dxc4 12. Bxc4 Nh5 13. Qe2 Nxf4 14. exf4 Qb8 15. g3 a6 16. Rfd1 b5 17. Ba2 Rd8 18. Ne4 h6 19. Nc3 Qa7 20. Rac1 Bf8 21. Bb1 Qb6 22. Qc2 {[%csl Gb1][%cal Rc2h7]} g6 23. Ne4 Be7 24. Qc3 Rxd1+ 25. Rxd1 {next Nf6+ is good for White.} Rd8 26. Rxd8+ Qxd8 27. Qd3 Qxd3 28. Bxd3 f5 29. Nc3 Bf6 30. Kf1 Kf7 31. h4 Ke7 32. Ke2 Kd6 33. Ke3 Ne7 34. Ne1 Nd5+ 35. Kd2 Bd4 {White must now prevent ...Nxc3.} 36. Nd1 $1 Nb6 37. Nc2 Bf6 38. Nc3 Nd7 39. Ne3 Nc5 40. Bc2 Bc6 41. b4 Nd7 42. Bb3 Bd4 43. Kd3 Ba7 44. a4 Nf6 (44... bxa4 $15 45. Bxa4 Bxa4 46. Nxa4 e5) 45. axb5 $1 $11 axb5 46. Kd2 Bd4 47. Bc2 Ne8 48. Bd3 Nc7 49. Be2 Kd7 50. h5 gxh5 51. Bxh5 Ne8 (51... Bg7 {is interesting.} 52. Nc2 Bf8 53. Kd1 Kd8 54. Be2 Be7) 52. Kd3 Bb6 53. Bxe8+ (53. Be2 {seems wilder.} Ke7 54. Kd2 Nc7 55. Ncd1 Bd4 56. Nc2) 53... Kxe8 {[%mdl 4096] Endgame KBB-KNN} 54. Ne2 Bd7 55. Nd4 Ke7 {[#]} (55... Kd8 $11 {keeps the balance.}) 56. Nd1 (56. Ndxf5+ $1 $16 {[%mdl 512]} exf5 57. Nd5+ {[%mdl 64] Double Attack} Kd6 58. Nxb6) 56... Bc7 57. Nc3 Bd6 58. Ncxb5 {aiming for Kc4.} Bxb4 59. Nc3 Bc5 60. Nd1 Bc8 61. Ne3 Ba6+ 62. Kc3 Kf6 63. Nf3 Bd6 64. Nc4 Bc7 65. Nce5 Bb7 66. Kd2 h5 67. Ke1 Ba6 68. Nd7+ Ke7 69. Nde5 Ba5+ 70. Kd1 {Threatens to win with Nc6+.} Bb6 71. Ke1 Ba5+ 72. Kd1 {Strongly threatening Nc6+.} Bc7 (72... Kd6 {is more complex.} 73. Nh4 Bf1 74. Nef3 Kd5 75. Nd2 Bb5) 73. Ke1 Bb7 74. Kf1 {The position is equal.} Bd5 75. Kg1 Kf6 76. Kh2 h4 77. Nxh4 Bxe5 78. fxe5+ Kxe5 {KB-KN} 79. f4+ Kf6 {[#]} 80. g4 $1 {[%mdl 512]} fxg4 81. Kg3 {[#]} Bf3 $1 {[%mdl 512]} 82. Nxf3 gxf3 83. Kxf3 e5 84. fxe5+ Kxe5 {Accuracy: White = 61%, Black = 53%.} 1/2-1/2

[Event "26th Abu Dhabi Master 2019"]
[Site "Abu Dhabi"]
[Date "2019.08.05"]
[Round "5.30"]
[White "Shevchenko, Kirill"]
[Black "Manush Shah"]
[Result "1/2-1/2"]
[WhiteElo "2536"]
[BlackElo "2373"]
[Annotator "TA"]
[PlyCount "64"]
[EventDate "2019.08.02"]
[EventType "swiss"]
[EventCountry "UAE"]
[SourceTitle "playchess.com"]
[Source "ChessBase"]
[SourceQuality "1"]

{[%evp 23,64,29,35,42,28,36,36,8,34,45,43,40,39,29,154,102,151,150,152,150,177,224,152,150,146,121,120,90,211,106,183,179,170,0,0,-89,-96,-123,-115,-115,-123,-122,-121]} 1. e4 c6 2. d4 d5 3. Nc3 dxe4 4. Nxe4 Bf5 5. Ng3 Bg6 6. h4 h6 7. Nf3 Nf6 8. Ne5 Bh7 9. Bd3 Bxd3 10. Qxd3 e6 11. Bd2 Nbd7 12. f4 Be7 13. O-O-O {B19: Classical Caro-Kann: 4...Bf5 main line} O-O (13... Qc7 14. Ne4 Nxe4 15. Qxe4 Nf6 16. Qf3 g6 17. Kb1 h5 18. c4 Rc8 19. Bc3 b5 20. d5 cxd5 21. cxd5 Nxd5 22. Rxd5 exd5 23. Qxd5 {1-0 (29) Saric,I (2652)-Navara,D (2725) Tallinn 2016}) 14. Qf3 Qc7 15. Ne2 {Black should prevent g4.White is slightly better.} c5 16. g4 cxd4 17. g5 Nxe5 18. fxe5 {[#]} Nd7 $146 (18... d3 $1 $11 {[%mdl 512] remains equal.} 19. Qxd3 Rad8) ({Predecessor:} 18... d3 19. Qxd3 Rfd8 20. Qf3 Rac8 {½-½ (31) Rogos,J (2298)-Antonov,V (2219) ICCF email 2009}) 19. Nxd4 (19. gxh6 $142 g6 20. Nxd4) 19... Rac8 20. gxh6 Nxe5 {[#]} 21. Qg3 $1 {[%csl Gh6][%cal Rg3g7][%mdl 512]} g6 22. h5 Bf6 23. h7+ Kh8 24. Bc3 {And now Nb5 would win.} Qe7 25. hxg6 fxg6 (25... Nxg6 $16 26. Qf2 e5) 26. Nb5 (26. Ne2 $18 Rxc3 27. Qxc3) 26... Qg7 (26... Rc5 $16) 27. Nd6 $18 ({Much less strong is} 27. Nxa7 Rcd8 $16) 27... Rxc3 28. Qxc3 $2 ({Only move:} 28. bxc3 $18 {Threatens to win with Rhf1.} Nf3 29. Ne4 Bxc3 30. Qd6) 28... Ng4 $11 29. Qg3 {[#]} (29. Qb3 $11 Nf2 {[%mdl 64] Double Attack} 30. c3) 29... Nf2 $1 $17 {Black is better.} 30. c3 Nxh1 31. Rxh1 Be5 32. Qd3 Qd7 {Accuracy: White = 71%, Black = 40%.} 1/2-1/2

[Event "26th Abu Dhabi Master 2019"]
[Site "Abu Dhabi"]
[Date "2019.08.05"]
[Round "5.31"]
[White "Tahbaz, Arash"]
[Black "Viani Antonio Dcunha"]
[Result "0-1"]
[WhiteElo "2461"]
[BlackElo "2371"]
[Annotator "TA"]
[PlyCount "75"]
[EventDate "2019.08.02"]
[EventType "swiss"]
[EventCountry "UAE"]
[SourceTitle "playchess.com"]
[Source "ChessBase"]
[SourceQuality "1"]

{[%evp 10,75,44,45,43,0,0,-64,-54,-70,-64,-150,-147,-201,-124,-128,-96,-148,-149,-171,-179,-158,-154,-180,-160,-176,-102,-83,-85,-67,-69,-159,-103,-228,-221,-280,-210,-208,-212,-260,-272,-464,-429,-429,-315,-491,-468,-568,-553,-549,-356,-349,-346,-328,-320,-562,-545,-603,-578,-539,-475,-429,-391,-572,-437,-1099,-872,-29958]} 1. d4 Nf6 2. c4 g6 3. Nc3 Bg7 4. e4 d6 5. Be2 O-O 6. Be3 Na6 {E73: King's Indian: Averbakh Variation without 6...c5} (6... e5 7. d5 Na6 8. h4 Nc5 9. Qc2 c6 10. h5 cxd5 11. cxd5 Qa5 12. h6 Bh8 13. f3 Bd7 14. Rb1 Na4 15. Qd2 Nxc3 16. bxc3 {½-½ (49) Eljanov,P (2676)-Demchenko,A (2679) Germany 2019}) 7. g4 c5 $1 8. g5 {[#]} (8. h3 $11) 8... Ng4 $1 $15 {[%mdl 512] Black is slightly better.} 9. Bxg4 Bxg4 10. f3 {[#]} (10. Qxg4 $15 cxd4 11. Bxd4 Bxd4 12. Nge2) 10... Bh5 $146 ({Predecessor:} 10... cxd4 11. Bxd4 Bxd4 12. Qxd4 Nb4 {0-1 (25) Dmitrenko,V (2368)-Kislinsky,A (2532) Orlova 2012}) 11. Nd5 (11. Qd2 $17) 11... Nc7 12. dxc5 dxc5 ({Don't take} 12... Bxb2 13. Rb1 $15) 13. Nc3 (13. Nf4 $142) 13... b6 14. Qxd8 Raxd8 ({Don't play} 14... Rfxd8 15. Kf2 $17) 15. Rd1 Rxd1+ 16. Kxd1 f5 {And now ...Bxc3 would win.} 17. gxf6 exf6 ({Black should play} 17... Bxf6 $19 18. Kc2 Be5) 18. Nd5 Nxd5 19. exd5 f5 20. Bg5 (20. b3 $15) 20... Kf7 ({Better is} 20... Bxb2 21. h4 Bd4) 21. d6 (21. b3 $17 {is a better defense.}) 21... Bxb2 $19 22. Be7 Ra8 23. Ke2 Bf6 24. Bxf6 Kxf6 {[%mdl 4096] Endgame KRB-KRN} 25. Nh3 $2 (25. h4) 25... g5 26. Rd1 Bf7 27. d7 (27. Kd3 {is the only way for White.}) 27... Bxc4+ 28. Ke3 Rd8 29. Rd6+ Be6 30. Nxg5 Kxg5 ({Weaker is} 30... Rxd7 31. Rxd7 Bxd7 32. Nxh7+ Kg7 33. Ng5 $19) 31. Rxe6 Rxd7 {KR-KR} 32. h4+ $2 (32. a4) 32... Kxh4 33. Kf4 {[%cal Re6h6]} Kh3 34. Kxf5 Rf7+ 35. Ke4 Kg3 36. a4 (36. Rh6 {was called for.}) 36... Rf4+ 37. Kd5 (37. Ke3 $142) 37... Rxa4 38. Re4 {Accuracy: White = 23%, Black = 81%.} 0-1

[Event "26th Abu Dhabi Master 2019"]
[Site "Abu Dhabi"]
[Date "2019.08.05"]
[Round "5.32"]
[White "Divya Deshmukh"]
[Black "Venkatesh, M.R."]
[Result "0-1"]
[WhiteElo "2373"]
[BlackElo "2480"]
[Annotator "ChessBase"]
[PlyCount "46"]
[EventDate "2019.08.02"]
[EventType "swiss"]
[EventCountry "UAE"]
[SourceTitle "playchess.com"]
[Source "ChessBase"]
[SourceQuality "1"]
[TimeControl "5400+30"]

1. Nf3 {[%emt 0:00:18]} c5 {[%emt 0:00:25]} 2. b3 {[%emt 0:00:15]} d5 {[%emt 0:04:36]} 3. Bb2 {[%emt 0:03:05]} f6 {[%emt 0:00:18]} 4. e3 {[%emt 0:05:40]} e5 {[%emt 0:01:20]} 5. d4 {[%emt 0:09:27]} cxd4 {[%emt 0:06:27]} 6. exd4 {[%emt 0:03:40]} e4 {[%emt 0:00:11]} 7. Nfd2 {[%emt 0:02:26]} f5 {[%emt 0:00:40]} 8. g3 {[%emt 0:01:29]} Nf6 {[%emt 0:04:47]} 9. f4 {[%emt 0:03:47]} Nc6 {[%emt 0:04:15]} 10. Bh3 {[%emt 0:00:50]} Bd6 {[%emt 0:06:11]} 11. Nf1 {[%emt 0:00:47]} h5 {[%emt 0:05:04]} 12. Qe2 {[%emt 0:12:04]} Ng4 {[%emt 0:07:54]} 13. Bxg4 {[%emt 0:13:09]} hxg4 {[%emt 0:00:19]} 14. Ne3 {[%emt 0:00:20]} Be6 {[%emt 0:00:52]} 15. Nd2 {[%emt 0:01:20]} g5 {[%emt 0:00:45]} 16. Qf2 {[%emt 0:05:46]} gxf4 {[%emt 0:03:36]} 17. gxf4 {[%emt 0:00:07]} Qc7 {[%emt 0:00:15]} 18. Rf1 {[%emt 0:03:47]} Nb4 {[%emt 0:02:24]} 19. Rc1 {[%emt 0:14:01]} Nxa2 {[%emt 0:02:57]} 20. c4 {[%emt 0:01:19]} Nxc1 {[%emt 0:01:03]} 21. Bxc1 {[%emt 0:00:02]} Rh3 {[%emt 0:00:24]} 22. Ke2 {[%emt 0:00:29]} Qh7 {[%emt 0:00:42]} 23. Rh1 {[%emt 0:02:09]} g3 {[%emt 0:00:51]} 0-1

[Event "26th Abu Dhabi Master 2019"]
[Site "Abu Dhabi"]
[Date "2019.08.05"]
[Round "5.33"]
[White "Costachi, Mihnea"]
[Black "Mullick, Raahil"]
[Result "1/2-1/2"]
[WhiteElo "2471"]
[BlackElo "2211"]
[Annotator "ChessBase"]
[PlyCount "41"]
[EventDate "2019.08.02"]
[EventType "swiss"]
[EventCountry "UAE"]
[SourceTitle "playchess.com"]
[Source "ChessBase"]
[SourceQuality "1"]
[TimeControl "5400+30"]

1. d4 d5 2. c4 c6 3. Nf3 Nf6 4. Nc3 dxc4 5. e4 b5 6. Be2 e6 7. O-O Be7 8. a4 b4 9. e5 Nd5 10. Ne4 Ba6 11. Bd2 c5 12. Qc1 c3 13. Bxa6 Nxa6 14. bxc3 bxc3 15. Bxc3 Rc8 16. Qb2 O-O 17. dxc5 Nxc5 18. Nxc5 Bxc5 19. Bd4 Rb8 20. Qd2 Bb4 21. Qd3 1/2-1/2

[Event "26th Abu Dhabi Master 2019"]
[Site "Abu Dhabi"]
[Date "2019.08.05"]
[Round "5.34"]
[White "Nandhidhaa, P V"]
[Black "Alavi, Sayed Javad"]
[Result "1/2-1/2"]
[WhiteElo "2259"]
[BlackElo "2454"]
[Annotator "TA"]
[PlyCount "44"]
[EventDate "2019.08.02"]
[EventType "swiss"]
[EventCountry "UAE"]
[SourceTitle "playchess.com"]
[Source "ChessBase"]
[SourceQuality "1"]

{[%evp 9,44,-7,0,0,10,0,0,0,0,0,14,0,19,0,0,-99,-60,-56,-45,-72,-76,-72,-63,-189,-200,-210,70,0,58,0,0,0,0,0,6,13,29]} 1. e4 c6 2. Nc3 d5 3. Nf3 Bg4 4. Be2 e6 5. h3 Bh5 6. d4 {B11: Caro-Kann: Two Knights Variation} Nf6 (6... Nd7 7. Bf4 dxe4 8. Nxe4 Ndf6 9. Ng3 Bxf3 10. Bxf3 Bd6 11. Qd2 Bxf4 12. Qxf4 Ne7 13. O-O Ng6 {½-½ (43) Bologan,V (2654)-Wojtaszek,R (2723) Doha 2015}) 7. e5 Nfd7 8. g4 Bg6 9. h4 $1 h5 10. gxh5 Bf5 11. Ng5 c5 $1 12. Nb5 $146 (12. Bd3 $11 cxd4 13. Bxf5 dxc3 {[#]} 14. Nxf7 $1 {[%mdl 512]} Kxf7 15. Bxe6+ $1 {[%mdl 512]} (15. Qg4 exf5 16. Qg6+ Kg8 $11) 15... Kxe6 16. Qg4+ Kf7 17. Qg6+ Kg8 18. Qe6+ {[%mdl 64] Double Attack} Kh7 19. Qg6+ Kg8 20. Qe6+ {[%mdl 64] Double Attack} Kh7 21. Qg6+ Kg8) ({Predecessor:} 12. Bg4 cxd4 13. Bxf5 dxc3 14. Nxf7 Kxf7 15. Bxe6+ Kxe6 {½-½ (21) Kosteniuk,A (2534)-Paehtz,E (2462) Reykjavik 2015}) 12... Nc6 13. Bd3 cxd4 {And now ...Bxd3 would win.} 14. Bxf5 {Nxe6! is the strong threat.} Qa5+ ({Don't play} 14... exf5 15. Nxd4 Ndxe5 16. Bf4 $11) 15. Bd2 Qxb5 16. Nxf7 (16. Bd3 $15 Qb6 17. f4) 16... Kxf7 $19 17. Bg6+ Ke7 $2 (17... Kg8 $19 18. Qg4 Nd8) 18. Bg5+ $14 Nf6 19. Bd3 (19. f4 $1 $14) 19... Qa5+ $11 {The position is equal.} ({But not} 19... Qxb2 $6 20. Rb1 $16) 20. Bd2 Qc7 21. exf6+ gxf6 22. f4 Bh6 {Accuracy: White = 55%, Black = 62%.} 1/2-1/2

[Event "26th Abu Dhabi Master 2019"]
[Site "Abu Dhabi"]
[Date "2019.08.05"]
[Round "5.35"]
[White "Muradli, Mahammad"]
[Black "Zhang, Xiaowen"]
[Result "1-0"]
[WhiteElo "2454"]
[BlackElo "2318"]
[Annotator "TA"]
[PlyCount "73"]
[EventDate "2019.08.02"]
[EventType "swiss"]
[EventCountry "UAE"]
[SourceTitle "playchess.com"]
[Source "ChessBase"]
[SourceQuality "1"]

{[%evp 14,73,4,0,0,0,11,0,59,44,45,49,71,47,60,64,69,61,103,44,42,37,100,90,107,67,105,33,39,36,97,86,220,154,174,172,174,179,231,225,238,237,227,231,236,222,241,253,231,237,215,230,262,254,292,290,288,290,279,268,356,368]} 1. d4 Nf6 2. c4 e6 3. Nf3 d5 4. Nc3 c5 5. cxd5 cxd4 6. Nxd4 Nxd5 7. Bd2 Bc5 8. Nb3 Bb6 {A32: Symmetrical English: 2 Nf3 Nf6 3 d4 cxd4 4 Nxd4 e6} 9. g3 Nc6 10. Bg2 Nce7 $146 (10... O-O $11) ({Predecessor:} 10... O-O 11. Na4 Bc7 12. Rc1 Qe7 13. O-O Rd8 14. Qc2 Rb8 15. Nac5 Be5 16. a3 {1-0 (60) Wang,H (2713)-Gustafsson,J (2639) Pattaya 2015}) 11. Nxd5 Nxd5 12. e4 Nf6 13. Bb4 (13. e5 $5 {[%cal Re5f6]} Nd5 14. Qg4 $14) 13... Qxd1+ 14. Rxd1 e5 15. O-O Be6 16. Rc1 (16. Nc5 $16) 16... Nd7 17. Rfd1 $36 {[%mdl 2048] White has the initiative.} h5 (17... Nb8 $14) 18. Bf1 $16 a6 19. Nd2 Nf6 20. h3 ({White should try} 20. Nc4 $16 Bxc4 21. Rxc4) 20... Rd8 $14 21. Kg2 Bd4 (21... h4 $14) 22. b3 $16 Rc8 (22... g5 $16) 23. Bc4 {[#] Black must now prevent Bxe6.} Rc6 24. Bxe6 fxe6 25. Nf3 Nxe4 (25... Rxc1 $142 26. Rxc1 Kd7) 26. Nxd4 exd4 27. Rxc6 bxc6 28. Rxd4 $18 {[%mdl 4096] Endgame KRB-KRN} Nf6 29. Rd6 Nd5 30. Rxc6 {[#] Strongly threatening Rc8+.} Kf7 31. Bc5 Ra8 32. b4 Nc3 33. Bd6 Nd5 34. a3 Kg6 35. Be5 Kf7 36. Rc5 Ra7 37. Ra5 {Accuracy: White = 72%, Black = 30%.} 1-0

[Event "26th Abu Dhabi Master 2019"]
[Site "Abu Dhabi"]
[Date "2019.08.05"]
[Round "5.36"]
[White "Samant Aditya S"]
[Black "Gaponenko, Inna"]
[Result "1/2-1/2"]
[WhiteElo "2296"]
[BlackElo "2450"]
[Annotator "TA"]
[PlyCount "131"]
[EventDate "2019.08.02"]
[EventType "swiss"]
[EventCountry "UAE"]
[SourceTitle "playchess.com"]
[Source "ChessBase"]
[SourceQuality "1"]

{[%evp 21,131,-9,-5,-5,-7,-7,-3,-3,-7,-5,-9,-13,-13,-13,-10,-10,-10,-10,-10,-10,-14,-23,-6,-6,-6,-6,-6,-6,-6,-6,-8,-8,0,-8,-8,-11,-2,-2,-2,-7,-7,-4,0,-16,0,-14,0,-14,-14,-37,-33,-44,0,-8,0,0,0,0,0,0,0,0,0,-12,0,-12,0,0,0,0,0,0,0,0,0,0,0,0,0,0,0,0,0,0,0,0,0,0,0,0,0,0,0,0,0,0,0,0,0,0,0,0,0,0,0,0,0,0,0,0,0,0]} 1. e4 c5 2. Nf3 Nc6 3. d4 cxd4 4. Nxd4 Nf6 5. Nc3 g6 6. Be3 Bg7 7. Bc4 O-O 8. f3 Qb6 9. Bb3 Nxe4 10. Nd5 Qa5+ 11. c3 Nc5 12. Nxc6 {B35: Sicilian: Accelerated Dragon with 5 Nc3: main line} dxc6 13. Nxe7+ Kh8 {[#] aiming for ...Re8.} 14. Nxc8 Rfxc8 15. O-O $1 ({Much weaker is} 15. Bxf7 Rd8 $17) 15... Re8 16. Bd4 $146 ({Predecessor:} 16. Bf2 Rad8 17. Qc2 Qb5 18. Rfe1 Kg8 19. Rad1 Rxe1+ 20. Rxe1 {½-½ (32) Ivanov,V (2388)-Van Tricht,M (2384) ICCF email 2015}) 16... Nxb3 17. axb3 Qb5 18. Bxg7+ Kxg7 19. Qd4+ Kg8 20. b4 Rad8 21. Qxa7 Rd2 {Black wants to play ...Ree2.} 22. Rae1 $132 {[%mdl 2048] White puts up resistance} Ree2 23. Rxe2 Qxe2 {[%csl Gd2][%cal Re2g2]} 24. Qf2 Rxb2 25. Qxe2 Rxe2 $11 {[%mdl 4096] Endgame KR-KR} 26. Rf2 Re1+ 27. Rf1 Re3 28. Rc1 Re2 29. Rd1 Rc2 30. Rd3 Kf8 31. h4 Ke7 32. Kh2 f5 33. Kg3 b6 34. h5 gxh5 35. Kf4 Rxg2 36. Kxf5 h4 37. Re3+ {The position is equal.} Kf7 38. Re4 h3 {Strongly threatening ...Rg3.} 39. Rh4 h2 40. Rxh7+ Kg8 41. Rh3 Kg7 42. Ke5 Rd2 43. Kf5 c5 44. bxc5 bxc5 45. c4 Re2 46. Rh4 Kf7 47. Rh7+ Kg8 48. Rh3 Kf8 49. Rh7 Ke8 (49... Rc2 {is more complex.} 50. Ke4 Rxc4+ 51. Kd3 Rd4+ 52. Kc3 Rf4) 50. Kf4 Rc2 51. Ke5 Rd2 52. Kf4 (52. Kf5 {keeps more tension.} Kf8 53. Kg4 Rg2+ 54. Kf5 Kg8 55. Rh5) 52... Kf8 53. Kg3 Rc2 54. Rxh2 Rxc4 55. Re2 Kf7 56. Kf2 Kf6 57. Re4 Rc2+ 58. Ke3 Rc3+ 59. Ke2 Kf5 60. Re3 Rc4 61. Kd3 Rd4+ 62. Kc3 Kf4 {[#]} 63. Re4+ $1 {[%mdl 512]} Rxe4 64. fxe4 Kxe4 65. Kc4 Ke5 66. Kxc5 {Accuracy: White = 83%, Black = 64%.} 1/2-1/2

[Event "26th Abu Dhabi Master 2019"]
[Site "Abu Dhabi"]
[Date "2019.08.05"]
[Round "5.37"]
[White "Krishna C R G"]
[Black "Eynullayev, Atilla"]
[Result "1-0"]
[WhiteElo "2463"]
[BlackElo "2228"]
[Annotator "TA"]
[PlyCount "67"]
[EventDate "2019.08.02"]
[EventType "swiss"]
[EventCountry "UAE"]
[SourceTitle "playchess.com"]
[Source "ChessBase"]
[SourceQuality "1"]

{[%evp 16,67,28,0,0,-16,-7,-13,9,-18,17,4,14,-11,-14,-20,-20,-25,0,7,12,14,16,0,5,0,24,27,25,21,20,15,107,14,31,32,54,58,53,21,59,25,39,30,33,26,85,43,70,-16,630,627,771,758]} 1. d4 Nf6 2. Nf3 g6 3. c4 Bg7 4. e3 O-O 5. Be2 d6 6. O-O Nbd7 {[%cal Bb8d7,Bd7f8,Bf8e6][%mdl 32]} 7. Nc3 e5 8. Qc2 Re8 9. b4 exd4 {E61: King's Indian: Early deviations for White, including Smyslov System} (9... Qe7 10. Bb2 e4 11. Nd2 h5 12. Rac1 h4 13. Rfd1 h3 14. g3 c6 15. Nb3 a6 16. d5 cxd5 17. Nxd5 Nxd5 18. Rxd5 Bxb2 19. Qxb2 {0-1 (41) Lalith,B (2537)-Yu,Y (2724) Caleta 2015}) 10. exd4 Nf8 11. h3 c6 $146 {The position is equal.} ({Predecessor:} 11... Bf5 12. Bd3 Bxd3 13. Qxd3 c6 14. Rb1 d5 15. c5 Ne4 16. Bf4 Ne6 17. Be3 {1-0 (66) Velten,P (2310)-Lopez Martinez,J (2508) San Sebastian 2012}) 12. Bg5 Ne6 13. Be3 d5 14. Rad1 dxc4 {aiming for ...b5.} 15. Bxc4 Nc7 16. b5 Be6 (16... cxb5 {keeps more tension.} 17. Nxb5 Ncd5 18. Rfe1 Be6 19. Bg5 Rc8) 17. Bxe6 Nxe6 18. bxc6 bxc6 19. Ne5 Qc7 20. Rb1 Rab8 21. Qa4 Nd5 22. Nxd5 cxd5 23. Rfc1 Qe7 (23... Qd6 $1 $11) 24. Nf3 (24. Nc6 $16 Qd7 25. Qa6 (25. Rxb8 Rxb8 26. Qxa7 Qxa7 $11) 25... Rxb1 26. Rxb1) 24... h6 25. Qc6 $36 {[%mdl 2048] White has the initiative.} Rxb1 26. Rxb1 Rd8 $1 27. Qa6 Rd6 28. Qa5 Rd8 29. a4 Kh7 30. Qb5 f5 (30... Bf6 $11 {keeps the balance.}) 31. Re1 {Black must now prevent Bg5!} Qd6 32. Bd2 (32. Qd3 $14) 32... Rb8 $2 {[%mdl 8192] [#]} (32... Nxd4 $11 33. Nxd4 Bxd4) 33. Rxe6 $1 $18 {[%mdl 576] Deflection} Qxe6 34. Qxb8 {Accuracy: White = 36%, Black = 28%.} 1-0